000 00219 a2200097 4500
001 14063
100 _aBryant W.C
245 _aGrammar without tears
260 _aDavies H.S
_bThe bodley head
_c
090 _c11014
_d11014
942 _aNUST-CAE
_cM
_c1131
999 _c249136
_d249136